000 00648nam a2200205 a 4500
005 20240910064140.0
008 991125s1977 ag 000 0 spa u
035 _aUPN01000004519
049 _aCG
050 4 _aBF575 L8
_bF7.38
100 1 _aFromm, Erich,
_d1900-1980
_928370
245 1 3 _aEl arte de amar :
_buna investigación sobre la naturaleza del amor /
_cErich Fromm ; tr. Noemí Rosenblatt.
260 _aBuenos Aires :
_bPaidós,
_c1977.
300 _a155 p.
440 0 _aBiblioteca del hombre contemporáneo ;
_v10
534 _pTraducción de:
_tThe art of loving
650 4 _aAmor
_94320
650 4 _aEmociones
_939
905 _aLibro
999 _c4519
_d4519